| Tag |
First Indicator |
Second Indicator |
Subfields |
| LEADER |
00000cam a2200000 4500 |
| 001 |
in00000257541 |
| 005 |
20151010053639.0 |
| 008 |
731001s1967 enkbf 00010 eng |
| 010 |
|
|
|a 67077821
|
| 015 |
|
|
|a B67-4640
|
| 035 |
|
|
|a (OCoLC)00661461
|
| 035 |
|
|
|9 ABC5258AM
|
| 040 |
|
|
|a DLC
|c DLC
|d TXA
|d UtOrBLW
|
| 043 |
|
|
|a nwtr---
|
| 049 |
|
|
|a TXAM
|c [915234]
|
| 050 |
0 |
0 |
|a F2122
|b .B7
|
| 082 |
0 |
|
|a 917.298/3
|
| 100 |
1 |
|
|a Bryans, Robin,
|d 1928-
|
| 245 |
1 |
0 |
|a Trinidad and Tobago: isles of the immortelles /
|c [by] Robin Bryans.
|
| 264 |
|
1 |
|a London :
|b Faber,
|c 1967.
|
| 300 |
|
|
|a 306 pages :
|b color frontispiece, 14 plates, maps. ;
|c 27 1/2 cm.
|
| 336 |
|
|
|a text
|b txt
|2 rdacontent
|
| 337 |
|
|
|a unmediated
|b n
|2 rdamedia
|
| 338 |
|
|
|a volume
|b nc
|2 rdacarrier
|
| 651 |
|
0 |
|a Trinidad and Tobago
|x Description and travel.
|
| 999 |
|
|
|a MARS
|
| 999 |
f |
f |
|s 06d4b763-21fe-3e3d-9efc-adafc42ab4fe
|i 8af26fb5-c108-3b67-8406-eb6d87e99d5b
|t 0
|
| 952 |
f |
f |
|p ric
|a Texas A&M University
|b Rellis Campus
|c Joint Library Facility
|d Remote Storage
|t 0
|e F2122 .B7
|h Library of Congress classification
|i unmediated -- volume
|m A14802361433
|
| 998 |
f |
f |
|a F2122 .B7
|t 0
|l Remote Storage
|